[Event "Olympiad Women-43"]
[Site "Batumi"]
[Date "2018.10.01"]
[Round "7.35"]
[White "Garcia Mendez, Alcira Guadalupe"]
[Black "Kaliadzich, Maryia"]
[Result "0-1"]
[WhiteElo "1741"]
[BlackElo "2040"]
[PlyCount "60"]
[EventDate "2018.09.24"]
[EventType "team-swiss"]
[EventRounds "11"]
[EventCountry "GEO"]
[SourceTitle "EXT 2020"]
[Source "ChessBase"]
[SourceDate "2019.10.17"]
[SourceVersion "1"]
[SourceVersionDate "2019.10.17"]
[SourceQuality "1"]
[WhiteTeam "El Salvador (W)"]
[BlackTeam "Belarus (W)"]
[WhiteTeamCountry "ESA"]
[BlackTeamCountry "BLR"]

1. e4 c6 2. d4 d5 3. exd5 cxd5 4. c4 Nf6 5. Nc3 e6 6. Nf3 Be7 7. Bf4 0-0 8. Bd3 dxc4 9. Bxc4 Nc6 10. 0-0 Nb4 11. Rc1 Nbd5 12. Bg3 b6 13. Re1 Bb7 14. Ne5 Nxc3 15. bxc3 Nd5 16. Bd3 Bg5 17. Qh5 f5 18. Rc2 Nf4 19. Bxf4 Bxf4 20. Nf3 Rf6 21. Ng5 Bxg5 22. Qxg5 Bxg2 23. Rce2 Bd5 24. Kf1 Qc7 25. Rxe6 Rxe6 26. Qxf5 Rxe1+ 27. Kxe1 Qxc3+ 28. Kd1 Qa1+ 29. Kd2 Qxa2+ 30. Bc2 g6 0-1

[Event "Olympiad Women-43"]
[Site "Batumi"]
[Date "2018.09.27"]
[Round "4.14"]
[White "Shohradova, Lala"]
[Black "Kaliadzich, Maryia"]
[Result "1/2-1/2"]
[WhiteElo "1950"]
[BlackElo "2040"]
[PlyCount "117"]
[EventDate "2018.09.24"]
[EventType "team-swiss"]
[EventRounds "11"]
[EventCountry "GEO"]
[SourceTitle "EXT 2020"]
[Source "ChessBase"]
[SourceDate "2019.10.17"]
[SourceVersion "1"]
[SourceVersionDate "2019.10.17"]
[SourceQuality "1"]
[WhiteTeam "Turkmenistan (W)"]
[BlackTeam "Belarus (W)"]
[WhiteTeamCountry "TKM"]
[BlackTeamCountry "BLR"]

1. d4 d5 2. c4 c6 3. Nf3 Nf6 4. Nc3 e6 5. cxd5 exd5 6. Bf4 Bd6 7. Bxd6 Qxd6 8. e3 0-0 9. Bd3 Bg4 10. Qb3 Bxf3 11. gxf3 Nbd7 12. Rd1 c5 13. Bb1 cxd4 14. Rxd4 Ne5 15. Qd1 Rad8 16. a3 Qe6 17. Ba2 Qh3 18. Bxd5 Qg2 19. Rf1 Nxd5 20. Rxd5 Nxf3+ 21. Ke2 Rde8 22. Rf5 Nh4 23. Rf4 Ng6 24. Rf3 Qxh2 25. Rh1 Qe5 26. Kf1 Rd8 27. Qc2 Qd6 28. Rfh3 h6 29. Qb3 Rd7 30. Rg3 Kh7 31. Rg4 Qd3+ 32. Kg2 Qf5 33. Qb4 Re8 34. Rd4 Rxd4 35. Qxd4 a6 36. Rd1 Ne5 37. Qd5 Qg4+ 38. Kf1 Qh3+ 39. Ke2 Qg4+ 40. Kd2 Nc4+ 41. Kc1 b5 42. Qxf7 Rc8 43. Qe7 Qg6 44. e4 Qg2 45. Qf7 Qxe4 46. Rg1 Qe5 47. Rxg7+ Qxg7 48. Qf5+ Qg6 49. Qd7+ Qg7 50. Qxc8 Qg1+ 51. Nd1 Qg5+ 52. Kb1 Qd2 53. Qb7+ Kg8 54. Qc8+ Kh7 55. Qb7+ Kg8 56. Qg2+ Kh8 57. Qf3 Kg7 58. Qb7+ Kg8 59. Qa8+ 1/2-1/2

[Event "Olympiad Women-43"]
[Site "Batumi"]
[Date "2018.09.24"]
[Round "1.37"]
[White "Stagno, Milena"]
[Black "Kaliadzich, Maryia"]
[Result "0-1"]
[WhiteElo "1388"]
[BlackElo "2040"]
[PlyCount "54"]
[EventDate "2018.09.24"]
[EventType "team-swiss"]
[EventRounds "11"]
[EventCountry "GEO"]
[SourceTitle "EXT 2020"]
[Source "ChessBase"]
[SourceDate "2019.10.17"]
[SourceVersion "1"]
[SourceVersionDate "2019.10.17"]
[SourceQuality "1"]
[WhiteTeam "Malta (W)"]
[BlackTeam "Belarus (W)"]
[WhiteTeamCountry "MLT"]
[BlackTeamCountry "BLR"]

1. e4 c6 2. d4 d5 3. exd5 cxd5 4. c4 Nf6 5. Nc3 e6 6. Nf3 Be7 7. cxd5 Nxd5 8. Bc4 Nxc3 9. bxc3 0-0 10. 0-0 Qc7 11. Qd3 Nd7 12. Be3 Nf6 13. h3 b6 14. Rac1 Bb7 15. Ne5 Ba3 16. Rb1 Be4 17. Qe2 Bxb1 18. Rxb1 Nd5 19. Rb3 Bd6 20. Bxd5 exd5 21. Bf4 f6 22. Ng6 Bxf4 23. Nxf8 Rxf8 24. Qe6+ Qf7 25. Qf5 Bb8 26. Rb5 Re8 27. Rxd5 Re1# 0-1

[Event "Minsk Kupreichik Memorial op"]
[Site "Minsk"]
[Date "2018.06.22"]
[Round "6"]
[White "Bezenson, Anton"]
[Black "Kaliadzich, Maryia"]
[Result "0-1"]
[WhiteElo "1621"]
[BlackElo "2058"]
[PlyCount "66"]
[EventDate "2018.06.21"]
[EventType "swiss (rapid)"]
[EventRounds "11"]
[EventCountry "BLR"]
[SourceTitle "CBM 185 Extra"]
[Source "ChessBase"]
[SourceDate "2018.07.29"]
[SourceVersion "1"]
[SourceVersionDate "2018.07.29"]
[SourceQuality "1"]

1. Nf3 d5 2. g3 Nf6 3. Bg2 Bf5 4. 0-0 e6 5. d3 h6 6. Nbd2 Be7 7. Qe1 0-0 8. e4 Bh7 9. Qe2 c5 10. e5 Nfd7 11. a4 Nc6 12. Re1 Nb4 13. Nf1 c4 14. Rd1 Rc8 15. Ne3 cxd3 16. cxd3 Nc5 17. Bd2 Bxd3 18. Qe1 Nc2 19. Nxc2 Bxc2 20. Nd4 Bxd1 21. Qxd1 Ne4 22. Be3 a6 23. Qg4 Kh8 24. Bxe4 dxe4 25. Rd1 Qa5 26. b3 Qxe5 27. Bf4 Qf6 28. Qh5 Rc5 29. Qe2 e5 30. b4 Rcc8 31. Qxe4 exf4 32. Qxb7 fxg3 33. hxg3 Rcd8 0-1

[Event "EU-ch (Women) 19th"]
[Site "Stary Smokovec"]
[Date "2018.04.12"]
[Round "5"]
[White "Kaliadzich, Maryia"]
[Black "Mikadze, Miranda"]
[Result "0-1"]
[WhiteElo "2078"]
[BlackElo "2216"]
[PlyCount "88"]
[EventDate "2018.04.08"]
[EventType "swiss"]
[EventRounds "11"]
[EventCountry "SVK"]
[SourceTitle "CBM 184 Extra"]
[Source "ChessBase"]
[SourceDate "2018.06.28"]
[SourceVersion "1"]
[SourceVersionDate "2018.06.28"]
[SourceQuality "1"]

1. d4 d5 2. c4 c6 3. Nf3 Nf6 4. e3 a6 5. a4 e6 6. Bd3 c5 7. 0-0 Nc6 8. Nc3 Be7 9. dxc5 Bxc5 10. b3 0-0 11. Bb2 dxc4 12. bxc4 b6 13. Ne4 Nxe4 14. Bxe4 Bd7 15. Ne5 Nxe5 16. Bxe5 Ra7 17. Qc2 h6 18. Qe2 Qe7 19. Rfd1 Rc8 20. Qf3 Be8 21. Qg3 Qg5 22. Rd3 Qxg3 23. Bxg3 Be7 24. Rb3 Rxc4 25. Bd3 Rb4 26. Rxb4 Bxb4 27. Rc1 Kf8 28. Rc4 a5 29. Bc2 Ke7 30. Kf1 b5 31. Rc8 bxa4 32. Bb8 Bb5+ 33. Kg1 Rd7 34. Rc7 a3 35. Bb3 a4 36. Ba2 Rxc7 37. Bxc7 f6 38. Bb6 Bd3 39. f4 Bc2 40. Bd4 Bb3 41. Bb1 a2 42. Bd3 Bd2 43. Kf2 Bc1 44. Ke2 a3 0-1

[Event "BLR-ch (Women) 62nd"]
[Site "Minsk"]
[Date "2018.01.25"]
[Round "8"]
[White "Kaliadzich, Maryia"]
[Black "Ilyuchyk, Yana"]
[Result "1/2-1/2"]
[WhiteElo "2049"]
[BlackElo "2089"]
[PlyCount "91"]
[EventDate "2018.01.18"]
[EventType "tourn"]
[EventRounds "11"]
[EventCountry "BLR"]
[SourceTitle "CBM 182 Extra"]
[Source "ChessBase"]
[SourceDate "2018.02.23"]
[SourceVersion "1"]
[SourceVersionDate "2018.02.23"]
[SourceQuality "1"]

1. d4 Nf6 2. c4 g6 3. Nc3 Bg7 4. Bg5 c5 5. d5 d6 6. e4 0-0 7. Be2 h6 8. Be3 e5 9. dxe6 Bxe6 10. Qd2 Kh7 11. 0-0-0 Qa5 12. Qxd6 Nfd7 13. Kb1 Bxc3 14. bxc3 Qxc3 15. Bd2 Qe5 16. Qd3 f5 17. f3 f4 18. g3 Nc6 19. gxf4 Rxf4 20. Bxf4 Qxf4 21. h4 Nd4 22. Nh3 Bxh3 23. Rxh3 Ne5 24. Qd2 Qf7 25. f4 Nxc4 26. Bxc4 Qxc4 27. h5 g5 28. fxg5 hxg5 29. Rc1 Qe6 30. Re3 g4 31. Qh2 Rc8 32. Qf4 Qb6+ 33. Ka1 Rd8 34. Qxg4 Rg8 35. Qd7+ Rg7 36. Qa4 Rg2 37. Rb3 Nxb3+ 38. Qxb3 Qxb3 39. axb3 b6 40. b4 Rg5 41. bxc5 bxc5 42. Kb2 Rxh5 43. Ra1 Rh3 44. Rxa7+ Kg6 45. Rc7 Re3 46. Rxc5 1/2-1/2

[Event "BLR-ch (Women) 62nd"]
[Site "Minsk"]
[Date "2018.01.21"]
[Round "4"]
[White "Kaliadzich, Maryia"]
[Black "Malatsilava, Volha"]
[Result "1-0"]
[WhiteElo "2049"]
[BlackElo "2043"]
[PlyCount "51"]
[EventDate "2018.01.18"]
[EventType "tourn"]
[EventRounds "11"]
[EventCountry "BLR"]
[SourceTitle "CBM 182 Extra"]
[Source "ChessBase"]
[SourceDate "2018.02.23"]
[SourceVersion "1"]
[SourceVersionDate "2018.02.23"]
[SourceQuality "1"]

1. d4 Nf6 2. c4 d6 3. Nf3 g6 4. Nc3 Bg7 5. Bf4 Nbd7 6. e3 0-0 7. h3 b6 8. Be2 Bb7 9. Qc2 Re8 10. Rd1 Qc8 11. 0-0 e5 12. Bh2 h6 13. Nd2 Nh7 14. dxe5 Nxe5 15. Nd5 f5 16. b4 c6 17. Nf4 Kh8 18. Nf3 g5 19. Nh5 Qe6 20. Nd4 Qd7 21. Nxg7 Qxg7 22. Nxf5 Qg6 23. Rxd6 Nf6 24. Bh5 Qxh5 25. Rxf6 Nf7 26. Ng3 1-0

[Event "BLR-ch (Women) 62nd"]
[Site "Minsk"]
[Date "2018.01.18"]
[Round "1"]
[White "Kaliadzich, Maryia"]
[Black "Stetsko, Lanita"]
[Result "1-0"]
[WhiteElo "2049"]
[BlackElo "2181"]
[PlyCount "87"]
[EventDate "2018.01.18"]
[EventType "tourn"]
[EventRounds "11"]
[EventCountry "BLR"]
[SourceTitle "CBM 182 Extra"]
[Source "ChessBase"]
[SourceDate "2018.02.23"]
[SourceVersion "1"]
[SourceVersionDate "2018.02.23"]
[SourceQuality "1"]

1. d4 Nf6 2. Nf3 d5 3. Bf4 g6 4. e3 Bg7 5. Be2 0-0 6. h3 c5 7. c3 Nc6 8. Nbd2 Nd7 9. 0-0 Re8 10. Nb3 c4 11. Nbd2 e5 12. dxe5 Nc5 13. b3 b5 14. Nd4 Nxe5 15. Nxb5 Ned3 16. Bg3 Bf5 17. bxc4 Nb2 18. Qc1 Ncd3 19. Bxd3 Nxd3 20. Qa3 Ne5 21. Rfd1 Bc2 22. Rdc1 Bd3 23. Nd6 Bf8 24. c5 Re6 25. c4 dxc4 26. N2xc4 Bxc4 27. Bxe5 Rxe5 28. Rxc4 Qf6 29. Rd1 Qe6 30. Rcd4 Rg5 31. Kh1 Qf6 32. Rf4 Qe6 33. Nxf7 Rf5 34. Nd6 Rxf4 35. exf4 Rb8 36. Qxa7 Rb2 37. Qa3 Qe2 38. Qd3 Qxf2 39. Qd5+ Kg7 40. Qe5+ Kg8 41. Qe6+ Kg7 42. Qf7+ Kh6 43. Nf5+ gxf5 44. Qf6+ 1-0

[Event "Moscow op-B (Women) 13th"]
[Site "Moscow"]
[Date "2017.01.31"]
[Round "4"]
[White "Utiatskaja, Irina"]
[Black "Kaliadzich, Maryia"]
[Result "1-0"]
[WhiteElo "2213"]
[BlackElo "2103"]
[PlyCount "79"]
[EventDate "2017.01.28"]
[EventType "swiss"]
[EventRounds "9"]
[EventCountry "RUS"]
[SourceTitle "EXT 2018"]
[Source "ChessBase"]
[SourceDate "2017.10.13"]
[SourceVersion "1"]
[SourceVersionDate "2017.10.13"]
[SourceQuality "1"]

1. d4 d5 2. c4 c6 3. Nf3 Nf6 4. Nc3 e6 5. Bg5 dxc4 6. e4 b5 7. e5 h6 8. Bh4 g5 9. Nxg5 hxg5 10. Bxg5 Nbd7 11. exf6 Bb7 12. g3 c5 13. d5 Qb6 14. Bg2 0-0-0 15. 0-0 b4 16. Rb1 Qa6 17. dxe6 Bxg2 18. e7 Bxf1 19. Kxf1 bxc3 20. bxc3 Bxe7 21. fxe7 Rde8 22. Qf3 f6 23. Bf4 Ne5 24. Bxe5 fxe5 25. Qf5+ Kc7 26. Qxe5+ Kc8 27. Qxc5+ Kd7 28. Rd1+ Ke6 29. Qd5+ Kf6 30. Rd4 Rxe7 31. Rf4+ Kg6 32. Qf5+ Kh6 33. Rh4+ Kg7 34. Qg5+ Kf7 35. Rxh8 Re1+ 36. Kxe1 Qxa2 37. Rh7+ Ke6 38. Re7+ Kd6 39. Qe5+ Kc6 40. Rc7+ 1-0

[Event "Moscow op-B (Women) 13th"]
[Site "Moscow"]
[Date "2017.01.28"]
[Round "1"]
[White "Kaliadzich, Maryia"]
[Black "Testova, Nika"]
[Result "1-0"]
[WhiteElo "2103"]
[BlackElo "1664"]
[PlyCount "91"]
[EventDate "2017.01.28"]
[EventType "swiss"]
[EventRounds "9"]
[EventCountry "RUS"]
[SourceTitle "EXT 2018"]
[Source "ChessBase"]
[SourceDate "2017.10.13"]
[SourceVersion "1"]
[SourceVersionDate "2017.10.13"]
[SourceQuality "1"]

1. d4 Nf6 2. Nf3 d5 3. c4 g6 4. Bf4 Bg7 5. e3 0-0 6. Nc3 a6 7. cxd5 Nxd5 8. Nxd5 Qxd5 9. Bxc7 Nc6 10. Be2 b5 11. 0-0 Ra7 12. Bg3 Rd7 13. Nd2 Nxd4 14. exd4 Qxd4 15. Nb3 Qxb2 16. Qe1 Qa3 17. Rc1 Qxa2 18. Bg4 e6 19. Nc5 Ra7 20. Bb8 Ra8 21. Be5 f6 22. Bf3 Ra7 23. Bb8 Raf7 24. Ra1 Qc4 25. Qc1 Qxc1 26. Rfxc1 f5 27. Ra2 Rd8 28. Re1 Bf8 29. Rc1 Bh6 30. Rd1 Rxd1+ 31. Bxd1 Bf8 32. Nxa6 Rb7 33. Be5 Ra7 34. Bb3 Kf7 35. Nc7 Rxa2 36. Bxa2 b4 37. Kf1 g5 38. Ke2 f4 39. f3 Bc5 40. Kd3 h6 41. Ke4 Be7 42. Kd4 Bf8 43. h3 h5 44. Nb5 Bd7 45. Nd6+ Kg8 46. Kc5 1-0

[Event "BLR-ch (Women)"]
[Site "Minsk"]
[Date "2017.01.20"]
[Round "8"]
[White "Dolbieva, Ksenia"]
[Black "Kaliadzich, Maryia"]
[Result "1/2-1/2"]
[WhiteElo "1803"]
[BlackElo "2103"]
[PlyCount "144"]
[EventDate "2017.01.13"]
[EventType "tourn"]
[EventRounds "9"]
[EventCountry "BLR"]
[SourceTitle "CBM 176 Extra"]
[Source "ChessBase"]
[SourceDate "2017.03.02"]
[SourceVersion "1"]
[SourceVersionDate "2017.03.02"]
[SourceQuality "1"]

1. d4 d5 2. Nf3 Nf6 3. c4 c6 4. e3 e6 5. Nc3 Nbd7 6. Bd3 dxc4 7. Bxc4 b5 8. Bd3 a6 9. 0-0 c5 10. e4 Bb7 11. d5 c4 12. Bc2 Qb6 13. Bf4 Bc5 14. dxe6 fxe6 15. e5 Nd5 16. Nxd5 Bxd5 17. Ng5 0-0-0 18. Bg3 Qc6 19. Qg4 h5 20. Qh3 Rdf8 21. Nh7 g5 22. Nxg5 h4 23. Bxh4 Rf4 24. g3 Rff8 25. Rae1 Bd4 26. Be4 Nc5 27. Bxd5 Qxd5 28. Re2 Rf5 29. Qg2 Kd7 30. Qxd5+ exd5 31. e6+ Kc6 32. Nf7 Re8 33. Nd8+ Kc7 34. e7 Kd7 35. Rd1 Nd3 36. Ne6 Bxf2+ 37. Kg2 Rf7 38. Rf1 Rfxe7 39. Bxe7 Rxe7 40. Rfxf2 Rxe6 41. Rxe6 Kxe6 42. Rd2 Nb4 43. a3 Nc6 44. Kf3 d4 45. Ke4 d3 46. h4 Na5 47. Rf2 Nb3 48. h5 Nc5+ 49. Kd4 Nd7 50. h6 Nf6 51. g4 Nh7 52. Kc3 Ng5 53. Kb4 Ke5 54. b3 Kd4 55. bxc4 bxc4 56. Rf4+ Ke3 57. Rf8 d2 58. Rd8 Ke2 59. Re8+ Kd3 60. Rd8+ Kc2 61. Kxc4 Nf7 62. Rxd2+ Kxd2 63. h7 Ke3 64. g5 Nh8 65. Kc5 Ke4 66. Kb6 Kd5 67. Kxa6 Kc6 68. a4 Ng6 69. Ka7 Kc7 70. Ka8 Nh8 71. Ka7 Ng6 72. Ka6 Kc6 1/2-1/2

[Event "BLR-ch (Women)"]
[Site "Minsk"]
[Date "2017.01.19"]
[Round "7"]
[White "Kaliadzich, Maryia"]
[Black "Kusenkova, Natallia"]
[Result "1/2-1/2"]
[WhiteElo "2103"]
[BlackElo "2156"]
[PlyCount "103"]
[EventDate "2017.01.13"]
[EventType "tourn"]
[EventRounds "9"]
[EventCountry "BLR"]
[SourceTitle "CBM 176 Extra"]
[Source "ChessBase"]
[SourceDate "2017.03.02"]
[SourceVersion "1"]
[SourceVersionDate "2017.03.02"]
[SourceQuality "1"]

1. d4 Nf6 2. Nf3 g6 3. Bf4 Bg7 4. e3 0-0 5. Be2 c5 6. 0-0 Qb6 7. Nbd2 d5 8. dxc5 Qxc5 9. c4 dxc4 10. Nxc4 b5 11. Na3 a6 12. Rc1 Qb6 13. Bc7 Qa7 14. Ne5 Bb7 15. Qd2 Bd5 16. Ba5 Bb7 17. Bf3 Bxf3 18. Nxf3 Qb7 19. Rc7 Qe4 20. Rfc1 Nbd7 21. Nb1 Ne5 22. Nxe5 Qxe5 23. Qc2 Ng4 24. g3 Qxb2 25. h3 Qxc2 26. R1xc2 Ne5 27. Nd2 Bf6 28. f4 Nc4 29. Nxc4 bxc4 30. R7xc4 Rfb8 31. Kf2 Rb5 32. Bc7 Ra7 33. g4 h6 34. e4 Bh4+ 35. Ke3 Rb1 36. Be5 f6 37. Bd4 Rd7 38. e5 fxe5 39. Bxe5 Rh1 40. Rc8+ Kf7 41. Rh8 Rxh3+ 42. Ke4 Bf6 43. Bxf6 Kxf6 44. g5+ Kg7 45. Rxh6 Rxh6 46. gxh6+ Kxh6 47. Rc6 Rd6 48. Rxd6 exd6 49. Kd5 g5 50. fxg5+ Kxg5 51. a4 Kf6 52. Kxd6 1/2-1/2

[Event "BLR-chT"]
[Site "Minsk"]
[Date "2016.04.28"]
[Round "4"]
[White "Terzi, Alexei"]
[Black "Kaliadzich, Maryia"]
[Result "1-0"]
[WhiteElo "2328"]
[BlackElo "2074"]
[PlyCount "63"]
[EventDate "2016.04.25"]
[EventType "team-swiss"]
[EventRounds "7"]
[EventCountry "BLR"]
[SourceTitle "CBM 172 Extra"]
[Source "ChessBase"]
[SourceDate "2016.06.21"]
[SourceVersion "1"]
[SourceVersionDate "2016.06.21"]
[SourceQuality "1"]
[WhiteTeam "Itransition"]
[BlackTeam "Bossa Nova"]
[WhiteTeamCountry "BLR"]
[BlackTeamCountry "BLR"]

1. e4 c5 2. Ne2 Nc6 3. Nbc3 e5 4. Nd5 d6 5. Nec3 Be6 6. Bc4 Nf6 7. d3 Bxd5 8. Nxd5 Be7 9. Nxe7 Qxe7 10. Bg5 h6 11. Bh4 a6 12. a4 Nd4 13. 0-0 g5 14. Bg3 h5 15. f3 h4 16. Bf2 Nh5 17. c3 Ne6 18. d4 Nef4 19. b4 Rd8 20. Qe1 exd4 21. cxd4 Qd7 22. Be3 h3 23. g3 Ng2 24. Qd2 Nxe3 25. Qxe3 Qe7 26. bxc5 dxc5 27. d5 Qe5 28. Ra2 Rd6 29. Qxc5 Rc6 30. Bb5 axb5 31. Qxb5 Qd4+ 32. Raf2 1-0

[Event "BLR-ch U20 Girls"]
[Site "Minsk"]
[Date "2016.04.06"]
[Round "5"]
[White "Dolbiyeva, Kseniya"]
[Black "Kaliadzich, Maryia"]
[Result "1/2-1/2"]
[WhiteElo "1887"]
[BlackElo "2074"]
[PlyCount "167"]
[EventDate "2016.04.02"]
[EventType "tourn"]
[EventRounds "7"]
[EventCountry "BLR"]
[SourceTitle "CBM 171 Extra"]
[Source "ChessBase"]
[SourceDate "2016.04.26"]
[SourceVersion "1"]
[SourceVersionDate "2016.04.26"]
[SourceQuality "1"]

1. d4 d5 2. c4 c6 3. Nf3 Nf6 4. e3 g6 5. Nc3 Bg7 6. Bd3 0-0 7. 0-0 Bg4 8. h3 Bxf3 9. Qxf3 e6 10. Rd1 Nbd7 11. b3 Re8 12. Bb2 Qe7 13. Rac1 Rad8 14. cxd5 exd5 15. Qg3 Ne4 16. Bxe4 dxe4 17. Qc7 Nf6 18. Qxe7 Rxe7 19. Ba3 Red7 20. Bc5 b6 21. Ba3 Bf8 22. Bxf8 Kxf8 23. Kf1 Ke7 24. Ke2 Rd6 25. Rc2 h5 26. Rdc1 h4 27. Na4 Kd7 28. Nc3 Ke6 29. Nb1 Kd7 30. Nc3 Re8 31. Rd1 Ree6 32. Rcd2 Nd5 33. Nxd5 Rxd5 34. Kf1 g5 35. Ke2 f5 36. f3 Re8 37. Kf2 Kd6 38. Re1 Kc7 39. Rc2 Kb7 40. Rec1 Re6 41. Rc4 f4 42. fxe4 Rxe4 43. exf4 Rxf4+ 44. Ke3 Rd6 45. R1c2 Re6+ 46. Kd3 Rd6 47. Ke3 a5 48. R2c3 Re6+ 49. Kd3 Rd6 50. Ke3 Rdf6 51. Rc2 Rd6 52. R2c3 Rg6 53. Rc2 Re6+ 54. Kd3 Rfe4 55. Rf2 Re3+ 56. Kd2 Rg3 57. Rc3 Rxc3 58. Kxc3 Re3+ 59. Kc4 Kc7 60. d5 Re4+ 61. Kd3 Re5 62. dxc6 Kxc6 63. Kd4 Rd5+ 64. Ke4 Rc5 65. Rf5 Rc2 66. Rxg5 Rxa2 67. Kd3 a4 68. Kc3 Ra3 69. Kb4 Rxb3+ 70. Kxa4 Rb2 71. Rg4 Kc5 72. Rg5+ Kc4 73. Rg4+ Kc3 74. Rf4 b5+ 75. Ka5 b4 76. Rf3+ Kc4 77. Rf4+ Kd3 78. Rxb4 Rxb4 79. Kxb4 Ke3 80. Kc3 Kf2 81. Kd2 Kxg2 82. Ke2 Kxh3 83. Kf2 Kh2 84. Kf3 1/2-1/2

[Event "BLR-ch U20 Girls"]
[Site "Minsk"]
[Date "2016.04.03"]
[Round "2"]
[White "Uzlavataya, Anhelina"]
[Black "Kaliadzich, Maryia"]
[Result "1-0"]
[WhiteElo "2079"]
[BlackElo "2074"]
[PlyCount "65"]
[EventDate "2016.04.02"]
[EventType "tourn"]
[EventRounds "7"]
[EventCountry "BLR"]
[SourceTitle "CBM 171 Extra"]
[Source "ChessBase"]
[SourceDate "2016.04.26"]
[SourceVersion "1"]
[SourceVersionDate "2016.04.26"]
[SourceQuality "1"]

1. d4 d5 2. c4 c6 3. Nc3 Nf6 4. Nf3 e6 5. g3 Nbd7 6. Bg2 dxc4 7. a4 Be7 8. 0-0 0-0 9. e4 e5 10. dxe5 Ng4 11. Bf4 Qa5 12. e6 fxe6 13. Qe2 Nb6 14. e5 Nd5 15. Bd2 Qb6 16. Qxc4 Nxf2 17. Rxf2 Bc5 18. Raf1 Bxf2+ 19. Rxf2 Qxb2 20. Ne4 Nb6 21. Qf1 Nxa4 22. Nd6 Bd7 23. Bg5 Qb6 24. Be7 Nc3 25. Nc4 Qa6 26. Bxf8 Rxf8 27. Qd3 Nd5 28. Ng5 Rxf2 29. Kxf2 g6 30. Kg1 Qa1+ 31. Qf1 Qd4+ 32. Kh1 Be8 33. Nxe6 1-0

[Event "BLR-ch U20 Girls"]
[Site "Minsk"]
[Date "2016.04.02"]
[Round "1"]
[White "Kaliadzich, Maryia"]
[Black "Malatsilava, Volha"]
[Result "0-1"]
[WhiteElo "2074"]
[BlackElo "2083"]
[PlyCount "138"]
[EventDate "2016.04.02"]
[EventType "tourn"]
[EventRounds "7"]
[EventCountry "BLR"]
[SourceTitle "CBM 171 Extra"]
[Source "ChessBase"]
[SourceDate "2016.04.26"]
[SourceVersion "1"]
[SourceVersionDate "2016.04.26"]
[SourceQuality "1"]

1. d4 Nf6 2. Nf3 g6 3. c4 d6 4. Nc3 Bg7 5. h3 Nbd7 6. Bf4 Nh5 7. Bh2 c6 8. e3 0-0 9. Be2 Re8 10. g4 Nhf6 11. g5 Nh5 12. Nd2 e5 13. dxe5 Nxe5 14. Bxh5 gxh5 15. Qxh5 Nd3+ 16. Ke2 Nxb2 17. Nce4 Re6 18. Rhg1 Rg6 19. Rab1 Na4 20. Rb3 d5 21. cxd5 cxd5 22. Nf6+ Bxf6 23. gxf6 Qxf6 24. Rxg6+ hxg6 25. Qxd5 Nc3+ 26. Rxc3 Qxc3 27. Be5 Be6 28. Qxb7 Qc8 29. Qe7 Qa6+ 30. Kf3 Bd5+ 31. Kg3 Qe6 32. Qg5 Qf5 33. Qxf5 gxf5 34. a3 Rc8 35. Nf3 Bxf3 36. Kxf3 Rc2 37. Kg3 Kh7 38. f3 Rc4 39. Bd4 Ra4 40. Bc5 Kg6 41. Bd6 a5 42. Bc5 Rc4 43. Bb6 a4 44. Bd4 Rc2 45. Kf4 Rh2 46. Kg3 Ra2 47. Bc5 Rb2 48. Kf4 Rb3 49. Ke5 Rb5 50. Kd4 f4 51. exf4 Kf5 52. Kc4 Rb3 53. Bd6 Ke6 54. Bb4 Rxf3 55. Kb5 Rxf4 56. Kxa4 Kd7 57. Kb5 Rh4 58. a4 Kc7 59. a5 Kb7 60. a6+ Ka8 61. Bc5 f5 62. Kb6 Rxh3 63. Kc6 Rh6+ 64. Kd5 Rxa6 65. Ke5 Ra5 66. Kd4 Ra4+ 67. Ke3 Rc4 68. Bd4 f4+ 69. Ke4 f3 0-1

[Event "BLR-ch (Women)"]
[Site "Minsk"]
[Date "2016.01.18"]
[Round "9"]
[White "Kaliadzich, Maryia"]
[Black "Kusenkova, Natallia"]
[Result "1-0"]
[WhiteElo "2113"]
[BlackElo "2164"]
[PlyCount "111"]
[EventDate "2016.01.10"]
[EventType "tourn"]
[EventRounds "9"]
[EventCountry "BLR"]
[SourceTitle "CBM 170 Extra"]
[Source "ChessBase"]
[SourceDate "2016.02.25"]
[SourceVersion "1"]
[SourceVersionDate "2016.02.25"]
[SourceQuality "1"]

1. d4 Nf6 2. Nf3 g6 3. Bf4 Bg7 4. e3 c5 5. c3 cxd4 6. exd4 0-0 7. Bd3 d6 8. Qc2 Nc6 9. 0-0 Nh5 10. Bg5 h6 11. Be3 e5 12. dxe5 dxe5 13. Bc5 Re8 14. Rd1 Qf6 15. Nbd2 Bf5 16. Bxf5 gxf5 17. Nc4 Red8 18. Ne3 e4 19. Nd5 Qg6 20. Nh4 Qg5 21. g3 Nf6 22. Be3 f4 23. Bxf4 Qg4 24. Ne3 Qe6 25. Nhf5 Nh5 26. Bc7 Rdc8 27. Rd6 Qe8 28. Nd5 Rxc7 29. Nxc7 Qe5 30. Nxh6+ Bxh6 31. Rxh6 Rc8 32. Qe2 Ng7 33. Nb5 Rd8 34. Na3 Qg5 35. Rh4 f5 36. Nc4 b5 37. a4 Ne7 38. axb5 Ng6 39. Kh1 Nxh4 40. gxh4 Qxh4 41. Ne3 Rd7 42. c4 f4 43. Nd5 f3 44. Qxe4 Qxe4 45. Nf6+ Kf7 46. Nxe4 Rd4 47. Rxa7+ Kg6 48. Nc3 Rd2 49. Ra6+ Kh5 50. Kg1 Nf5 51. Ra1 Nh6 52. h3 Kh4 53. b6 Rd8 54. c5 Kxh3 55. b7 Ng4 56. Ra8 1-0

[Event "BLR-ch (Women)"]
[Site "Minsk"]
[Date "2016.01.10"]
[Round "1"]
[White "Badelka, Olga"]
[Black "Kaliadzich, Maryia"]
[Result "1/2-1/2"]
[WhiteElo "2067"]
[BlackElo "2113"]
[PlyCount "125"]
[EventDate "2016.01.10"]
[EventType "tourn"]
[EventRounds "9"]
[EventCountry "BLR"]
[SourceTitle "CBM 170 Extra"]
[Source "ChessBase"]
[SourceDate "2016.02.25"]
[SourceVersion "1"]
[SourceVersionDate "2016.02.25"]
[SourceQuality "1"]

1. c4 c6 2. e4 d5 3. exd5 cxd5 4. d4 Nf6 5. Nc3 g6 6. Qb3 Bg7 7. cxd5 0-0 8. g3 Nbd7 9. Bg2 Nb6 10. Nge2 Bf5 11. 0-0 Qd7 12. Re1 Bd3 13. Qd1 Bc4 14. b3 Bxd5 15. Nxd5 Nfxd5 16. a4 a5 17. Ba3 Rfd8 18. Qd2 e6 19. Rac1 Nc8 20. h4 h5 21. g4 hxg4 22. h5 gxh5 23. Qg5 Ra6 24. Qxh5 e5 25. dxe5 Rh6 26. Qg5 Rg6 27. Qd2 Ncb6 28. Rcd1 Bxe5 29. Bc5 Nf6 30. Nd4 Bh2+ 31. Kf1 Nbd5 32. Qc2 Bc7 33. Nf5 Kh8 34. Ne7 Rg5 35. Kg1 g3 36. f4 Rh5 37. Bd4 Qd6 38. Nxd5 Rxd5 39. Bxd5 Bb6 40. Qf5 Bxd4+ 41. Rxd4 Qb6 42. Qh3+ Nh7 43. Red1 Rxd5 44. Qc8+ Kg7 45. Qc4 Nf6 46. Kg2 Rh5 47. Kf3 Rc5 48. Qe2 Qxb3+ 49. R1d3 Rc3 50. Kxg3 b5 51. Kh4 bxa4 52. Rxc3 Qxc3 53. Rd3 Qc1 54. Qe5 Qc6 55. Rg3+ Kf8 56. Qb8+ Ne8 57. Qb2 Qh6+ 58. Kg4 Nf6+ 59. Kf3 Qh1+ 60. Rg2 Qf1+ 61. Rf2 Qh1+ 62. Rg2 Qf1+ 63. Rf2 1/2-1/2

[Event "BLR-ch (Women)"]
[Site "Minsk"]
[Date "2015.01.20"]
[Round "7"]
[White "Kaliadzich, Maryia"]
[Black "Prakapuk, Vera"]
[Result "1-0"]
[WhiteElo "2085"]
[BlackElo "1974"]
[PlyCount "71"]
[EventDate "2015.01.14"]
[EventType "tourn"]
[EventRounds "9"]
[EventCountry "BLR"]
[SourceTitle "CBM 164 Extra"]
[Source "ChessBase"]
[SourceDate "2015.03.02"]
[SourceVersion "1"]
[SourceVersionDate "2015.03.02"]
[SourceQuality "1"]

1. d4 d5 2. Nf3 Nf6 3. c4 c6 4. e3 Bg4 5. Nc3 e6 6. Qb3 Qb6 7. Ne5 Bf5 8. c5 Qc7 9. Be2 Nbd7 10. g4 Nxe5 11. gxf5 Ned7 12. fxe6 fxe6 13. f4 b6 14. cxb6 axb6 15. e4 g6 16. e5 Ng8 17. Bg4 Bh6 18. Bxe6 Nf8 19. Bxg8 Rxg8 20. Ne4 dxe4 21. Qxg8 Qd8 22. Be3 Qh4+ 23. Bf2 Qxf4 24. 0-0 Qg4+ 25. Bg3 Qd7 26. Rad1 e3 27. e6 Qg7 28. Qf7+ Qxf7 29. exf7+ Kd7 30. d5 e2 31. dxc6+ Kc8 32. Rde1 exf1Q+ 33. Kxf1 Bg5 34. Re8+ Bd8 35. Rxf8 Rxa2 36. Rxd8+ 1-0